[Event "2nd Gujarat Open 2019"]
[Site "Ahmedabad, Gujarat"]
[Date "2019.09.23"]
[Round "3.14"]
[White "Sahoo, Utkal Ranjan"]
[Black "Liyanage, Ranindu Dilshan"]
[Result "0-1"]
[WhiteElo "2329"]
[BlackElo "1956"]
[Annotator "TA"]
[PlyCount "102"]
[EventDate "2019.09.22"]
[EventCountry "IND"]
[SourceTitle "playchess.com"]
[Source "ChessBase"]
[SourceQuality "1"]

{[%evp 9,102,20,33,26,28,24,26,18,11,13,22,21,35,39,33,0,0,0,13,0,12,13,19,-13,-5,-12,-1,-32,0,0,12,-26,-26,-30,-32,-35,-31,-11,-14,-47,-56,-47,-57,-97,-77,-87,-44,-56,0,-17,-15,-53,0,0,0,-25,-27,-90,-98,-115,-42,-55,-38,-30,0,-29,0,-27,0,-70,-66,-113,0,-114,-126,-154,-140,-381,-336,-525,-525,-1211,-1173,-1174,-1094,-1939,-1258,-1245,-1123,-29988,-29989,-29989,-29990,-29990,-29991]} 1. d4 d5 2. c4 e6 3. Nc3 a6 4. cxd5 exd5 5. Nf3 h6 (5... Nf6 6. Bg5 Be6 7. e3 Nbd7 8. Bd3 c6 9. Qb3 Qb6 10. Qxb6 Nxb6 11. Bxf6 gxf6 12. Nh4 a5 13. O-O-O Bb4 {1-0 (40) So,W (2767)-Demchenko,A (2655) Khanty-Mansiysk 2019}) 6. Bf4 {D31: Queen's Gambit Declined: Semi-Slav without ...Nf6 (+ Marshall Gambit and Noteboom) and Exchange Variation lines without ...Nf6} Nf6 7. e3 Bd6 8. Be5 {White has an edge.} c6 9. Bd3 O-O 10. h3 Qe7 $146 ({Predecessor:} 10... Bxe5 11. Nxe5 Nbd7 12. f4 c5 13. Qf3 cxd4 14. exd4 {½-½ (30) Liu,Y (2524)-Gukesh,D (2535) Shanghai 2019}) 11. Bxd6 Qxd6 12. Ne5 Nbd7 13. f4 c5 14. Qd2 b5 {[%cal Bb7b5,Bb5b4][%mdl 32]} 15. O-O Bb7 16. Rad1 cxd4 17. exd4 Nb6 18. Rde1 b4 19. Ne2 Ne4 20. Bxe4 dxe4 21. f5 Rfd8 {...Qxe5! is the strong threat.} 22. Ng4 {Strongly threatening f6.} f6 23. Ne3 Rac8 24. Rc1 a5 25. Rxc8 Rxc8 26. Nf4 Ba6 27. Rf2 Bc4 28. b3 Bf7 29. d5 Qe5 30. Rf1 Rd8 (30... Rc3 $15) 31. Ng6 Qe8 {[%cal Rb6d5]} 32. d6 Nc8 33. Qc2 (33. Qd4 $1 $11) 33... Nxd6 $17 (33... Rxd6 $6 34. Qxc8 Bxg6 35. Qc5 $14) (33... Bxg6 $6 34. fxg6 Rxd6 35. Qc7 $11) 34. Qc7 Nb5 ({Reject} 34... Bxg6 $6 35. fxg6 Nb5 36. Qxa5 $11) ({Better is} 34... Rd7 $1 $17 {[%cal Rd7c7]} 35. Qxa5 Nxf5 $1 {[%mdl 576] Remove Defender} 36. Rxf5 Bxg6) 35. Qxa5 $15 Nc3 {White must now prevent ...Ne2+.} (35... Rd3 $5 {[%cal Rd3e3]} 36. Re1 Rd4 $15) 36. Qxb4 Nxa2 (36... Rd3 $5 {[%cal Rd3e3]} 37. Qc5 Bxg6 38. fxg6 Qxg6 $15) 37. Qa5 Ra8 38. Qc7 Kh7 39. Ne7 (39. Ra1 $11) 39... Nb4 40. Rf4 {[#]} Na6 ({Of course not} 40... Bxb3 $6 41. Rxe4 Qb8 42. Qxb8 $11) (40... Rd8 $1 $17 {[%cal Rd8d7]} 41. Rxe4 Rd7) 41. Qd6 (41. Qc6 $1 $11) 41... Rd8 $36 {[%mdl 2048] Keeping White busy.} 42. Qa3 Qb5 {Threatens to win with ...Rd3.} 43. Rg4 $2 ({But not} 43. Rxe4 $2 Qd3 $19) (43. Ng6 $17) 43... Rd3 44. Ng6 (44. N7d5 {was worth a try.} Qc5 45. Qxc5 Nxc5 46. b4) 44... Rxe3 $19 45. Nf8+ Kg8 {( -> ...Re1+)} 46. Ne6 Re1+ 47. Kf2 Re2+ 48. Kg3 Bxe6 49. fxe6 Qe5+ {[%mdl 64] Double Attack. Black mates.} 50. Kh4 g5+ 51. Kh5 Qxe6 {Accuracy: White = 34%, Black = 57%.} 0-1

[Event "2nd Gujarat Open 2019"]
[Site "Ahmedabad, Gujarat"]
[Date "2019.09.23"]
[Round "3.15"]
[White "Vedant Nitin vekhande"]
[Black "Rathnakaran, K.."]
[Result "0-1"]
[WhiteElo "1894"]
[BlackElo "2325"]
[Annotator "TA"]
[PlyCount "60"]
[EventDate "2019.09.22"]
[EventCountry "IND"]
[SourceTitle "playchess.com"]
[Source "ChessBase"]
[SourceQuality "1"]

{[%evp 14,133,32,0,0,0,32,32,64,52,46,50,56,34,33,45,38,20,46,0,19,22,81,7,53,23,0,-22,0,0,0,0,0,9,23,8,7,0,0,0,0,-146,-152,-195,-189,-452,-452,-409,-281,-297,0,-29989,0,0,0,0,0,0,0,0,0,0,0,0,0,0,0,-12827,-12825,-12827,-12458,-12838,-12475,-12839,-12836,-12832,-216,-256,-256,-256,-256,-256,-256,-808,-511,-11009,-13,-862,-904,-1057,-1143,-925,-727,-701,-701,-1983,-2528,-3016,-2236,-1822,-1582,-29985,-29986,-29986,-29987,-29987,-29988,-29988,-29989,-29988,-29989,-29990,-29991,-29995,-29996,-29996,-29997,-29997,-29998,-29998,-29999,-29999]} 1. e4 e6 2. d4 d5 3. exd5 exd5 4. Bd3 Nc6 5. c3 Bd6 6. Nf3 Nge7 7. O-O Bg4 8. Be3 Qd7 {C01: French: Exchange Variation} 9. Nbd2 f5 10. Bg5 O-O-O {White is slightly better.} 11. b4 h6 12. Bxe7 $1 Nxe7 13. a4 g5 14. a5 Ng6 15. Qc2 {And now h3 would win.} Nf4 16. b5 Nxd3 17. Qxd3 f4 $146 {[#]} (17... Rhe8 $11) 18. b6 $1 {[%mdl 512]} cxb6 (18... axb6 19. a6) 19. axb6 a6 $1 20. Rfc1 Bf5 21. Qf1 g4 22. Ne5 Bxe5 $1 23. dxe5 f3 24. g3 ({Don't go for} 24. gxf3 $2 gxf3 25. Kh1 Bh3 $19) 24... Kb8 25. Nb3 Rhe8 26. Nc5 Qc6 27. Ra5 (27. Nxa6+ $11 bxa6 28. Qxa6) 27... Rxe5 $17 ({Much worse is} 27... Qxb6 $6 28. Rca1 $11) 28. Rca1 {White wants to play Nxb7!} Rde8 ({And not} 28... Qxb6 29. Nxa6+ $1 {[%mdl 512]} bxa6 30. Rxa6 $11) 29. Nxa6+ $2 (29. h3) 29... bxa6 $19 30. Rxa6 {[#] Threatening mate with Ra8+!} R8e7 {Played: Bf5-d3} 0-1

[Event "2nd Gujarat Open 2019"]
[Site "Ahmedabad, Gujarat"]
[Date "2019.09.23"]
[Round "3.16"]
[White "Pranav Vijay"]
[Black "Sparsh Khandelwal"]
[Result "1-0"]
[WhiteElo "2265"]
[BlackElo "1868"]
[Annotator "NA"]
[PlyCount "45"]
[EventDate "2019.09.22"]
[EventCountry "IND"]
[SourceTitle "playchess.com"]
[Source "ChessBase"]
[SourceQuality "1"]
[TimeControl "5400+30"]

1. e4 {[%emt 0:00:56]} c5 {[%emt 0:00:07]} 2. Nf3 {[%emt 0:00:12]} g6 {[%emt 0:00:40]} 3. d4 {[%emt 0:00:08]} cxd4 {[%emt 0:00:06]} 4. Qxd4 {[%emt 0:00:06]} Nf6 {[%emt 0:00:09]} 5. Bb5 {[%emt 0:00:05]} a6 {[%emt 0:00:17]} 6. e5 {[%emt 0:00:11]} axb5 {[%emt 0:00:34]} 7. exf6 {[%emt 0:00:08]} Nc6 {[%emt 0:02:30]} 8. Qd3 {[%emt 0:00:37]} e6 {[%emt 0:05:01]} 9. Nc3 {[%emt 0:02:51]} Bb4 {[%emt 0:00:43]} 10. O-O {[%emt 0:08:54]} O-O {[%emt 0:02:11]} 11. Bg5 {[%emt 0:06:22]} d5 {[%emt 0:11:24]} 12. a3 {[%emt 0:00:38]} Bc5 {[%emt 0:00:22]} 13. b4 {[%emt 0:03:10]} Bb6 {[%emt 0:03:03]} 14. Rfe1 {[%emt 0:00:56]} Re8 {[%emt 0:06:20]} 15. Qd2 {[%emt 0:01:22]} Bc7 {[%emt 0:15:34]} 16. Nxb5 {[%emt 0:01:02]} Bd6 {[%emt 0:00:51]} 17. c4 {[%emt 0:00:22]} Bf8 {[%emt 0:01:23]} 18. cxd5 {[%emt 0:00:14]} Na7 {[%emt 0:00:04]} 19. Nxa7 {[%emt 0:01:06]} Rxa7 {[%emt 0:00:05]} 20. dxe6 {[%emt 0:01:01]} Bxe6 {[%emt 0:00:04]} 21. Qxd8 {[%emt 0:00:10]} Rxd8 {[%emt 0:00:04]} 22. Rxe6 {[%emt 0:00:06]} h6 {[%emt 0:00:19]} 23. Ree1 {[%emt 0:01:22]} 1-0

[Event "2nd Gujarat Open 2019"]
[Site "Ahmedabad, Gujarat"]
[Date "2019.09.23"]
[Round "3.17"]
[White "Shirodkar Aayush"]
[Black "Bharat Kumar Reddy Poluri"]
[Result "0-1"]
[WhiteElo "1456"]
[BlackElo "2304"]
[Annotator "TA"]
[PlyCount "92"]
[EventDate "2019.09.22"]
[EventCountry "IND"]
[SourceTitle "playchess.com"]
[Source "ChessBase"]
[SourceQuality "1"]

{[%evp 9,91,-18,-11,-37,-11,-26,-12,-62,-62,-58,-31,-74,0,0,0,0,0,0,0,14,7,-35,-23,-45,-28,-23,-14,-19,-4,-10,0,-39,-40,-36,-12,-18,-7,-34,-34,-43,-43,-52,-47,-50,-46,-69,-62,-59,-60,-62,-67,-291,-184,-189,-183,-556,-567,-714,-698,-707,-666,-660,-639,-633,-637,-606,-618,-588,-610,-949,-928,-885,-870,-29991,-29992,-29992,-29993,-29993,-29994,-29994,-29995,-29998,-29999,-29999]} 1. e4 e6 2. d3 d5 3. Nd2 b6 4. Ngf3 Bb7 (4... Nf6 5. c3 c5 6. Be2 Be7 7. O-O a5 8. Re1 O-O 9. e5 Nfd7 10. Nf1 Nc6 11. d4 Ba6 12. Bxa6 Rxa6 13. Qd3 c4 14. Qc2 {1-0 (40) Kasparov,G (2812)-Short,N (2664) Saint Louis 2015}) 5. e5 c5 6. g3 {C00: French: Unusual White 2nd moves} Nd7 7. Bg2 g5 8. h3 {The position is equal.} Bg7 9. Qe2 h5 10. c3 {[#]} g4 (10... Ba6 $1 $17 11. c4 Kf8) 11. hxg4 $11 hxg4 12. Rxh8 Bxh8 13. Nh2 $146 Nxe5 {aiming for ...Ba6.} 14. Nxg4 Ng6 15. Nc4 Qc7 16. Na3 O-O-O 17. Bg5 Re8 18. O-O-O f6 19. Bd2 f5 20. Ne3 Nf6 21. Kb1 a6 22. Nac2 Kb8 23. d4 Bg7 24. Bf3 Ka7 25. Bh5 Nxh5 26. Qxh5 Qf7 27. Re1 Rh8 28. Qf3 Rf8 29. Ng2 e5 30. dxe5 $2 ({White should try} 30. Nh4 $15) 30... d4 ({Weaker is} 30... Bxe5 31. Qd1 $15) 31. Qh5 Rh8 $36 {[%mdl 2048] White is under strong pressure.} ({Don't take} 31... Bxe5 32. Nh4 $15) 32. Qg5 $2 (32. e6 {nothing else works.} Rxh5 33. exf7 Bxg2 34. cxd4) 32... Bh6 $19 33. Qxh6 Rxh6 34. Bxh6 Bxg2 35. e6 Qe8 36. cxd4 Be4 37. dxc5 bxc5 38. Be3 Kb6 39. Kc1 Ne5 40. Rd1 Qxe6 41. f4 {[#]} Qc4 $1 {[%csl Ge4][%cal Rc4c2] Black mates.} 42. Rd6+ {[#]} Kc7 $1 {[%csl Ge4][%cal Rc4c2]} 43. Rd2 Nd3+ 44. Kb1 {[#]} Nb4 $1 45. Bxc5 Qf1+ 46. Rd1 Qxd1# {Accuracy: White = 28%, Black = 57%.} 0-1

[Event "2nd Gujarat Open 2019"]
[Site "Ahmedabad, Gujarat"]
[Date "2019.09.23"]
[Round "3.18"]
[White "Deepan Chakkravarthy J."]
[Black "Chilukuri Sai Varshith"]
[Result "1-0"]
[WhiteElo "2539"]
[BlackElo "1813"]
[Annotator "TA"]
[PlyCount "61"]
[EventDate "2019.09.22"]
[EventCountry "IND"]
[SourceTitle "playchess.com"]
[Source "ChessBase"]
[SourceQuality "1"]

{[%evp 19,61,31,36,-24,52,47,51,18,35,20,65,43,133,135,148,147,150,143,170,156,149,137,278,303,300,293,307,318,354,345,410,404,498,451,473,443,608,616,616,608,607,596,604,600]} 1. e4 c5 2. Nf3 g6 3. d4 cxd4 4. Nxd4 Nc6 5. c4 Bg7 6. Be3 Nf6 7. Nc3 O-O 8. Be2 d6 9. Nc2 Be6 10. O-O Rc8 11. f3 {B37: Sicilian: Maroczy Bind with 5...Bg7, sidelines} (11. Rb1 $14) 11... Ne5 ({Black should try} 11... Na5 $11) 12. b3 $14 Qa5 13. Nd5 {White is slightly better.} Rfe8 14. a4 Nfd7 15. Ra2 f6 (15... f5 $14) 16. Nd4 $36 {[%mdl 2048] Keeping Black busy.} Bf7 17. Nb5 Nc6 {[#]} 18. Nxa7 $1 {[%mdl 64] Deflection} Nxa7 {[#]} 19. b4 $146 {[%cal Bb3b4,Bb4b5][%mdl 32]} Qd8 {White must now prevent ...Nc6.} ({But not} 19... Qa6 $2 20. c5 $18) 20. Bxa7 Ne5 (20... b6 $16) 21. Bb6 $18 Qd7 22. c5 Nc6 23. b5 Nb8 24. Rd2 {[%cal Ba2d2,Bd2d3,Bd3e3][%mdl 32]} Bh6 25. f4 Qe6 26. Nc7 {White is clearly winning.} Qxe4 27. Nxe8 Qe3+ 28. Kh1 Rxe8 29. Rd3 Qe6 30. cxd6 exd6 31. Re3 {Accuracy: White = 68%, Black = 23%.} 1-0

[Event "2nd Gujarat Open 2019"]
[Site "Ahmedabad, Gujarat"]
[Date "2019.09.23"]
[Round "3.19"]
[White "Rahman, Ziaur"]
[Black "Jay Kundaliya"]
[Result "1-0"]
[WhiteElo "2492"]
[BlackElo "2097"]
[Annotator "ChessBase"]
[PlyCount "72"]
[EventDate "2019.09.22"]
[EventCountry "IND"]
[SourceTitle "playchess.com"]
[Source "ChessBase"]
[SourceQuality "1"]
[TimeControl "5400+30"]

1. Nf3 {[%emt 0:03:33]} d5 {[%emt 0:00:00]} 2. g3 {[%emt 0:00:48]} Nf6 {[%emt 0:01:15]} 3. Bg2 {[%emt 0:00:42]} c6 {[%emt 0:00:32]} 4. O-O {[%emt 0:00:08]} Bf5 {[%emt 0:01:44]} 5. b3 {[%emt 0:00:43]} h6 {[%emt 0:00:07]} 6. Bb2 {[%emt 0:00:06]} Nbd7 {[%emt 0:00:17]} 7. d3 {[%emt 0:00:18]} e6 {[%emt 0:00:18]} 8. Nbd2 {[%emt 0:00:12]} Bh7 {[%emt 0:13:14]} 9. c4 {[%emt 0:05:56]} Be7 {[%emt 0:03:07]} 10. a3 {[%emt 0:02:20]} a5 {[%emt 0:00:07]} 11. Ra2 {[%emt 0:01:04]} O-O {[%emt 0:00:10]} 12. Qa1 {[%emt 0:00:08]} Re8 {[%emt 0:06:24]} 13. Ne5 {[%emt 0:04:12]} Nxe5 {[%emt 0:00:36]} 14. Bxe5 {[%emt 0:00:06]} Bf8 {[%emt 0:04:58]} 15. Rc1 {[%emt 0:01:35]} Nd7 {[%emt 0:21:33]} 16. Bc3 {[%emt 0:01:36]} Qc7 {[%emt 0:06:10]} 17. b4 {[%emt 0:20:13]} axb4 {[%emt 0:03:48]} 18. axb4 {[%emt 0:01:27]} Rxa2 {[%emt 0:00:37]} 19. Qxa2 {[%emt 0:00:02]} d4 {[%emt 0:00:01]} 20. Bxd4 {[%emt 0:00:27]} Bxb4 {[%emt 0:00:04]} 21. Qb2 {[%emt 0:07:14]} e5 {[%emt 0:06:00]} 22. Be3 {[%emt 0:03:25]} Bc5 {[%emt 0:02:42]} 23. Rb1 {[%emt 0:02:04]} Bxe3 {[%emt 0:03:50]} 24. fxe3 {[%emt 0:00:02]} Nc5 {[%emt 0:24:16]} 25. Qb4 {[%emt 0:00:30]} Qe7 {[%emt 0:00:30]} 26. Nb3 {[%emt 0:00:30]} Nxb3 {[%emt 0:00:30]} 27. Rxb3 {[%emt 0:00:30]} Qxb4 {[%emt 0:00:30]} 28. Rxb4 {[%emt 0:00:30]} e4 {[%emt 0:00:30]} 29. Rxb7 {[%emt 0:00:30]} exd3 {[%emt 0:00:30]} 30. Bxc6 {[%emt 0:00:30]} Rc8 {[%emt 0:00:30]} 31. e4 {[%emt 0:00:30]} Bg6 {[%emt 0:00:30]} 32. Bd5 {[%emt 0:00:30]} dxe2 {[%emt 0:00:30]} 33. Kf2 {[%emt 0:00:30]} Bxe4 {[%emt 0:00:30]} 34. Bxe4 {[%emt 0:00:30]} Re8 {[%emt 0:00:30]} 35. Kxe2 {[%emt 0:00:30]} Rxe4+ {[%emt 0:00:30]} 36. Kd3 {[%emt 0:00:30]} Re1 {[%emt 0:00:30]} 1-0

[Event "2nd Gujarat Open 2019"]
[Site "Ahmedabad, Gujarat"]
[Date "2019.09.23"]
[Round "3.20"]
[White "Vasquez Schroeder, Rodrigo"]
[Black "Anadkat Kartavya"]
[Result "1-0"]
[WhiteElo "2476"]
[BlackElo "2088"]
[Annotator "TA"]
[PlyCount "64"]
[EventDate "2019.09.22"]
[EventCountry "IND"]
[SourceTitle "playchess.com"]
[Source "ChessBase"]
[SourceQuality "1"]

{[%evp 11,64,7,27,33,34,25,37,40,40,27,59,43,67,65,71,56,85,80,74,64,75,74,75,66,72,68,68,81,72,61,47,14,17,-1,0,-9,6,-8,-4,-7,0,-4,0,0,0,0,0,0,0,0,0,0,0,0,0]} 1. d4 Nf6 2. Nf3 g6 3. Nbd2 Bg7 4. e4 d6 5. Be2 O-O 6. O-O c6 7. a4 {[%cal Ba2a4,Ba4a5][%mdl 32] B07: Pirc Defence: Miscellaneous Systems} (7. c3 Qc7 8. Qc2 Nbd7 9. a4 e5 10. dxe5 Nxe5 11. Nxe5 dxe5 12. a5 Be6 13. Bc4 Bxc4 14. Nxc4 b5 15. axb6 axb6 16. Be3 b5 17. Nd2 Nd7 18. c4 bxc4 19. Qxc4 Qb7 {½-½ (150) Sandipan,C (2511)-Aravindh,C (2598) Xingtai 2019}) 7... Qc7 8. c3 e5 9. dxe5 {White is slightly better.} dxe5 10. a5 Nbd7 11. b4 Rd8 12. Qc2 Nf8 13. Nc4 Ne8 14. Be3 Ne6 15. g3 $146 f6 16. Rfd1 Rxd1+ 17. Rxd1 Bf8 18. Qd3 c5 19. b5 b6 20. a6 Qe7 21. Ne1 N8c7 {The position is equal.} 22. Qb1 Qe8 23. Na3 Ng7 24. Bc4+ Be6 25. Qb3 Bxc4 26. Qxc4+ Qe6 27. Rb1 Rd8 28. Kf1 Qxc4+ 29. Nxc4 Nge8 30. Ke2 Nd6 31. Nxd6 Bxd6 32. Nf3 Bf8 {[%mdl 32768] Accuracy: White = 62%, Black = 69%. . Loss on time!?} 1-0

[Event "2nd Gujarat Open 2019"]
[Site "Ahmedabad, Gujarat"]
[Date "2019.09.23"]
[Round "3.21"]
[White "Anustoop Biswas"]
[Black "Murshed, Niaz"]
[Result "1/2-1/2"]
[WhiteElo "2154"]
[BlackElo "2405"]
[Annotator "TA"]
[PlyCount "42"]
[EventDate "2019.09.22"]
[EventCountry "IND"]
[SourceTitle "playchess.com"]
[Source "ChessBase"]
[SourceQuality "1"]

{[%evp 13,42,37,37,33,39,25,48,50,60,49,27,5,21,22,26,22,24,25,36,25,43,39,51,35,64,42,100,65,53,39,36]} 1. e4 e6 2. d4 d5 3. Nd2 Be7 4. Bd3 Nf6 5. e5 Nfd7 6. Ne2 c5 7. c3 Nc6 8. O-O {C06: French Tarrasch: 3...Nf6 4 e5 Nfd7 5 Bd3 main lines} a5 9. a4 $146 (9. f4 cxd4 10. cxd4 Nb6 11. Nf3 Bd7 12. g4 a4 13. f5 Nb4 14. Ng3 Nxd3 15. Qxd3 g6 {1-0 (36) Navara,D (2718)-Bischoff,K (2504) Germany 2014}) 9... cxd4 10. cxd4 Nb4 11. Bb5 O-O 12. Nf3 Nb8 13. Nc3 N8c6 14. Bf4 Bd7 15. Qd2 Rc8 16. Rfe1 Kh8 17. h3 f5 18. exf6 gxf6 19. Bf1 Qb6 ({Better is} 19... Rg8 $14) 20. Red1 Na7 21. Rac1 Bd6 {Accuracy: White = 41%, Black = 23%.} 1/2-1/2

[Event "2nd Gujarat Open 2019"]
[Site "Ahmedabad, Gujarat"]
[Date "2019.09.23"]
[Round "3.22"]
[White "Pimpalkhare Vedant"]
[Black "Eraschenkov, Denis"]
[Result "0-1"]
[WhiteElo "2104"]
[BlackElo "2390"]
[Annotator "NA"]
[PlyCount "69"]
[EventDate "2019.09.22"]
[EventCountry "IND"]
[SourceTitle "playchess.com"]
[Source "ChessBase"]
[SourceQuality "1"]
[TimeControl "5400+30"]

1. Nf3 {[%emt 0:00:00]} Nf6 {[%emt 0:00:00]} 2. c4 {[%emt 0:00:00]} g6 {[%emt 0:00:48]} 3. g3 {[%emt 0:02:10]} Bg7 {[%emt 0:00:13]} 4. Bg2 {[%emt 0:00:07]} O-O {[%emt 0:01:26]} 5. O-O {[%emt 0:00:25]} e6 {[%emt 0:02:42]} 6. d4 {[%emt 0:02:36]} d5 {[%emt 0:00:24]} 7. Nc3 {[%emt 0:02:28]} Nbd7 {[%emt 0:04:40]} 8. Ne5 {[%emt 0:06:41]} c6 {[%emt 0:06:14]} 9. cxd5 {[%emt 0:09:45]} exd5 {[%emt 0:00:24]} 10. Bf4 {[%emt 0:02:15]} Nh5 {[%emt 0:08:52]} 11. Nxd7 {[%emt 0:01:33]} Bxd7 {[%emt 0:01:11]} 12. Be3 {[%emt 0:11:31]} f5 {[%emt 0:11:03]} 13. Bf3 {[%emt 0:10:11]} f4 {[%emt 0:10:55]} 14. Bc1 {[%emt 0:04:02]} Bh3 {[%emt 0:03:47]} 15. Re1 {[%emt 0:02:16]} Qf6 {[%emt 0:08:45]} 16. Qb3 {[%emt 0:10:51]} Rf7 17. Bd2 {[%emt 0:00:30]} fxg3 18. hxg3 {[%emt 0:00:30]} Bg4 19. Na4 {[%emt 0:00:30]} Bxf3 20. exf3 {[%emt 0:00:30]} Qxf3 21. Qxf3 {[%emt 0:00:30]} Rxf3 22. Be3 {[%emt 0:00:30]} Re8 23. Kg2 {[%emt 0:00:30]} Rf7 24. Red1 {[%emt 0:00:30]} Nf6 25. Rd3 {[%emt 0:00:30]} Ne4 26. Rc1 {[%emt 0:00:30]} Nd6 27. b3 {[%emt 0:00:30]} Nf5 28. Rc2 {[%emt 0:00:30]} Rfe7 29. Kf3 {[%emt 0:00:30]} h5 30. Nc5 {[%emt 0:00:30]} Bf6 31. b4 {[%emt 0:00:30]} Kf7 32. a4 {[%emt 0:00:30]} g5 33. Nb3 {[%emt 0:00:30]} g4+ 34. Ke2 {[%emt 0:00:30]} Bg5 35. Rcc3 {[%emt 0:00:30]} 0-1

[Event "2nd Gujarat Open 2019"]
[Site "Ahmedabad, Gujarat"]
[Date "2019.09.23"]
[Round "3.23"]
[White "Vlassov, Nikolai"]
[Black "Rathneesh R"]
[Result "1/2-1/2"]
[WhiteElo "2384"]
[BlackElo "2065"]
[Annotator "NA"]
[PlyCount "68"]
[EventDate "2019.09.22"]
[EventCountry "IND"]
[SourceTitle "playchess.com"]
[Source "ChessBase"]
[SourceQuality "1"]
[TimeControl "5400+30"]

1. e4 {[%emt 0:00:00]} c5 {[%emt 0:00:00]} 2. c3 {[%emt 0:00:00]} Nf6 {[%emt 0:00:57]} 3. e5 {[%emt 0:00:00]} Nd5 {[%emt 0:00:05]} 4. d4 {[%emt 0:00:00]} cxd4 {[%emt 0:01:13]} 5. cxd4 {[%emt 0:00:00]} e6 {[%emt 0:00:34]} 6. Nc3 {[%emt 0:00:00]} Nxc3 {[%emt 0:03:24]} 7. bxc3 {[%emt 0:00:00]} d6 {[%emt 0:00:55]} 8. f4 {[%emt 0:00:00]} dxe5 {[%emt 0:07:15]} 9. fxe5 {[%emt 0:00:00]} Qh4+ {[%emt 0:03:51]} 10. Ke2 {[%emt 0:00:03]} Bd7 {[%emt 0:02:05]} 11. Nf3 {[%emt 0:00:03]} Qe4+ {[%emt 0:09:31]} 12. Kf2 {[%emt 0:00:02]} Be7 {[%emt 0:02:11]} 13. Bd3 {[%emt 0:00:03]} Qc6 {[%emt 0:00:59]} 14. Bd2 {[%emt 0:00:02]} Qc7 {[%emt 0:06:34]} 15. Qe2 {[%emt 0:00:02]} Bc6 {[%emt 0:03:43]} 16. Rhf1 {[%emt 0:00:02]} Nd7 {[%emt 0:03:05]} 17. Kg1 {[%emt 0:00:02]} O-O-O {[%emt 0:05:41]} 18. Ng5 {[%emt 0:00:02]} Nxe5 {[%emt 0:11:21]} 19. dxe5 {[%emt 0:00:21]} Qd7 {[%emt 0:00:58]} 20. Nxf7 {[%emt 0:00:31]} Qxd3 {[%emt 0:01:18]} 21. Qxd3 {[%emt 0:00:32]} Rxd3 {[%emt 0:00:08]} 22. Nxh8 {[%emt 0:06:04]} Rxd2 {[%emt 0:05:02]} 23. Rf4 {[%emt 0:00:37]} Bc5+ {[%emt 0:05:39]} 24. Kf1 {[%emt 0:00:03]} Rxg2 {[%emt 0:00:58]} 25. Rd1 {[%emt 1:34:01]} g5 {[%emt 0:03:30]} 26. Rf6 {[%emt 0:00:00]} Rg1+ {[%emt 0:04:39]} 27. Ke2 {[%emt 0:00:00]} Bb5+ {[%emt 0:00:10]} 28. Kd2 {[%emt 0:00:00]} Rg2+ {[%emt 0:00:37]} 29. Kc1 {[%emt 0:00:00]} Ba3+ {[%emt 0:06:20]} 30. Kb1 {[%emt 0:00:00]} Bc4 {[%emt 0:00:35]} 31. Nf7 {[%emt 0:00:00]} Rb2+ {[%emt 0:06:42]} 32. Ka1 {[%emt 0:00:00]} Rxa2+ {[%emt 0:00:04]} 33. Kb1 {[%emt 0:00:00]} Rb2+ {[%emt 0:00:21]} 34. Ka1 {[%emt 0:00:00]} Ra2+ {[%emt 0:00:05]} 1/2-1/2

[Event "2nd Gujarat Open 2019"]
[Site "Ahmedabad, Gujarat"]
[Date "2019.09.23"]
[Round "3.24"]
[White "Bhatt, Jalpan"]
[Black "Manik, Mikulas"]
[Result "0-1"]
[WhiteElo "2001"]
[BlackElo "2375"]
[Annotator "TA"]
[PlyCount "70"]
[EventDate "2019.09.22"]
[EventCountry "IND"]
[SourceTitle "playchess.com"]
[Source "ChessBase"]
[SourceQuality "1"]

{[%evp 17,70,42,37,5,12,11,35,29,33,45,43,0,9,-20,-15,-15,-20,-66,-67,-67,-50,-52,-50,-50,-48,-48,-41,-48,-48,-59,-58,-70,-70,-68,-58,-85,-85,-85,-81,-82,-78,-99,-96,-102,-85,-86,-89,-131,-75,-74,-56,-109,-110,-112,-111]} 1. d4 Nf6 2. c4 g6 3. g3 c5 4. Nf3 Bg7 5. Bg2 O-O 6. O-O Nc6 7. Nc3 cxd4 8. Nxd4 Qa5 9. Nc2 d6 10. Rb1 {A38: Symmetrical English vs ...g6: 4 Bg2 Bg7 5 Nf3 Nf6} (10. Nd5 Nxd5 11. cxd5 Ne5 12. Bd2 Qb6 13. Bc3 Bd7 14. Bd4 Qa5 15. f4 Ng4 16. Bxg7 Kxg7 17. Qd4+ Kg8 18. h3 {½-½ (41) Markus,R (2652)-Bacrot,E (2691) Novi Sad 2016}) 10... Be6 11. b4 Qh5 12. Nd5 {White is slightly better.} Bxd5 13. cxd5 Ne5 14. Bb2 $146 ({Predecessor:} 14. e4 Rac8 15. Ne3 Nc4 16. Bf3 Qh3 17. Ng4 {0-1 (40) Garcia Dorado,A (2048)-Candela Perez,J (2418) Madrid 2011}) 14... Rac8 15. Ne3 Nc4 $36 {[%mdl 2048] Black has good play.} 16. Nxc4 $1 Rxc4 17. Bxf6 Bxf6 18. e3 Qxd1 19. Rfxd1 Rc2 20. a4 Rfc8 21. a5 Ra2 22. Rdc1 Rc3 23. Bh3 {[#]} Rb2 $1 {[%mdl 512]} 24. Bf1 (24. Rxb2 Rxc1+) 24... Rxc1 25. Rxc1 Rxb4 $15 {[%mdl 4096] Endgame KRB-KRB} 26. Rc7 a6 27. Kg2 Rb2 28. Kf3 Kf8 29. Rc8+ Kg7 30. Rc7 h5 31. h4 Rb3 32. Be2 Rb1 (32... Bc3 $142 33. Rxe7 Bxa5) 33. Bd3 Rd1 34. Be2 (34. Ke2 $15 Ra1 35. Rxb7) 34... Rxd5 $17 35. Rxb7 Rxa5 {Accuracy: White = 43%, Black = 65%.} 0-1